| 000 | 00791nam a2200241Ia 4500 | ||
|---|---|---|---|
| 003 | GCL | ||
| 008 | 140319s9999 xx 000 0 ara d | ||
| 040 |
_aGCL / _cGCL |
||
| 082 | 0 | 4 |
_aم _b811.008 _bع م |
| 100 | 1 | _aعفيف عبدالرحمن | |
| 245 | 1 | 0 |
_aمعجم الشعراء : _bمن العصر الجاهلى حتى نهاية العصر الاموى / _cعفيف عبدالرحمن |
| 300 | _a287 ص | ||
| 650 | 0 | 4 | _aالشعر العربى |
| 650 | 0 | 4 | _aالادب العربى |
| 650 | 0 | 4 | _aالعصر الجاهلى |
| 650 | 0 | 4 | _aالشعر الجاهلى |
| 650 | 0 | 4 | _aالشعراء العرب |
| 650 | 0 | 4 | _aصدر الاسلام |
| 650 | 0 | 4 | _aالشعر الاموى |
| 650 | 0 | 4 | _aالشعراء |
| 650 | 0 | 4 | _aالشعراء الامويون |
| 942 |
_2ddc _cREF |
||
| 999 |
_c59684 _d59684 |
||